000 00240nam a2200097Ia 4500
008 230907s9999||||xx |||||||||||||| ||und||
082 _a4.0286
_bHAR
245 0 _aHarnessing Green IT :
260 _aUK:
_bIEEE, John Wiley;
_c2012
942 _cBK
999 _c596393
_d596393